1719 1273 1159 1701 1893 1509 1938 1600 1694 1081 1468 1430 1720 1517 1421 1963 1012 1662 1805 1225 1346 1552 1577 1111 1302 1226 1618 1865 1633 1376 1329 1194 1574 1512 1219 1075 1471 1850 1779 1319 1153 1851 1202 1108 1096 1889 1824 1767 1940 1777 1016 1724 1480 1537 1535 1340 1401 1459 1906 1438 1053 1427 1409 1275 1473 1507 1906 1978 1804 1645 1370 1026 1175 1374 1053 1082 1138 1984 1704 1897 1311 1667 1634 1603 1159 1776 1232 1299 1287 1489 1486 1447 1081 1171 1689 1963 1471 1217 1274 BCNSPRNW ULIB Ver.6.0+V

เปลี่ยนเป็นภาษาไทย

Change to English
 แสดงรายละเอียดบรรณานุกรม
  กลับหน้าหลัก

Brief Record : Get Marc (ISO 2709) : E-mail record : QR code < ปิดหน้าต่าง
LEADER : 00000nam 2200000uu 4500
001    13399121559
003     ULIB
008    121123s2549||||th 000 0 tha d
020    ^a9746520156
060 04 ^aWW100^bว321จ
100 0  ^aวราภรณ์ บูรณตรีเวทย์
245 10 ^aจักษุวิทยา =^bRed eye, lids & lacrimal system /^cวราภรณ์บูรณตรีเวทย์
246 31 ^aRed eye, lids & lacrimal system
250    ^aพิมพ์ครั้งที่ 1
260    ^aกรุงเทพฯ :^bบุ๊คเน็ท,^c2546
300    ^av, 78 หน้า :^bภาพประกอบ ;^c22 ซม.
650  7 ^aจักษุวิทยา
650  7 ^aตา, โรค
945    ^p120^l0^i15969
945    ^p120^l0^i15970
995    ^aวิภา
999 ^a ใช้งานได้ทุกระบบ
รายการนี้ยังไม่มีแท็ก
คุณยังไม่ได้ล็อกอิน คุณสามารถมีกิจกรรมร่วมกับเว็บไซต์ได้ แต่ต้องล็อกอินก่อน ::
  ล็อกอิน

รายการสื่อสารสนเทศ

ลำดับที่ ประเภท เลขเรียก/บาร์โค้ด สถานที่ สถานะ
1. วิทยาศาสตร์การแพทย์ และสุขภาพ
วิทยาศาสตร์การแพทย์ และสุขภาพ
WW100 ว321จ  
  Barcode: 15969
ห้องสมุดวิทยาเขตสวรรค์ประชารักษ์
►หนังสือทั่วไป
บนชั้น
2. วิทยาศาสตร์การแพทย์ และสุขภาพ
วิทยาศาสตร์การแพทย์ และสุขภาพ
WW100 ว321จ ฉ.2 
  Barcode: 15970
ห้องสมุดวิทยาเขตสวรรค์ประชารักษ์
►หนังสือทั่วไป
บนชั้น

รายการใกล้เคียง
    หัวเรื่อง [จักษุวิทยา]
    หัวเรื่อง [ตา, โรค]

BibComment


ยังไม่เคยถูกคอมเมนท์

คอมเมนท์ทรัพยากรรายการนี้
  คอมเมนท์: จักษุวิทยา Red ..


 Copyright 2026. Bcnsprnw @Library